| 000 | 00437 a2200145 4500 | ||
|---|---|---|---|
| 999 |
_c5859 _d5859 |
||
| 020 | _a9781845434618 | ||
| 050 | _aTR575TRA2010 | ||
| 100 | _aTravers, Peter | ||
| 245 |
_aPotrait photographer's style guide _ba recipe book of professional portraiture techniques / _cPeter Travers and James Cheadle |
||
| 264 |
_aLondon _bApple _c2010 |
||
| 300 | _a176p. | ||
| 500 | _aInclude index | ||
| 650 | _aPhotography | ||
| 942 |
_2lcc _cBK _h575 _iTRA _kTR |
||